[Event "Cto por Equipos de Aragon-Preferente I"]
[Site ""]
[Date "2023.03.11"]
[Round "7.48"]
[White "Lorente Melcon, Hector"]
[Black "Bonet Herbera, Isabel"]
[Result "1/2-1/2"]
[WhiteElo "1553"]
[BlackElo "1723"]
[PlyCount "0"]
[WhiteTeam "Helios B"]
[BlackTeam "Binefar A"]
[EventDate "2023.01.28"]


1. e4 e5 2. Nf3 Nc6 3. Bc4 Bc5 4. O-O Nf6 5. d4 Bxd4 6. Nxd4 Nxd4 7. f4 d6 
8. 
fxe5 dxe5 9. Bg5 Qe7 10. Na3 Be6 11. Bxe6 Nxe6 12. Bxf6 gxf6 13. Qf3 Rg8 
14. 
Qxf6 Qxf6 15. Rxf6 Ke7 16. Rf5 f6 17. c3 Rg4 18. Re1 Ng5 19. Nc4 Rxe4 
20. Rxe4 
Nxe4 21. Rh5 Rh8 22. Nxe5 Ke6 23. Ng6 Rd8 24. Nf4+ Kf7 25. Rd5 Rxd5 
26. Nxd5 
1/2-1/2

[Event "Cto por Equipos de Aragon-Preferente I"]
[Site ""]
[Date "2023.03.11"]
[Round "7.49"]
[White "Galicia Gracia, Pablo"]
[Black "Fabre Perez, Jose Maria"]
[Result "0-1"]
[WhiteElo "1909"]
[BlackElo "1981"]
[PlyCount "0"]
[WhiteTeam "Enroque Barbastro A"]
[BlackTeam "Delicias B"]
[EventDate "2023.01.28"]

1. e4 c5 2. d3 Nc6 3. Nc3 e6 4. g3 d5 5. Bg2 Nge7 6. f4 b5 7. Nf3 b4 8. exd5
exd5 9. Ne2 g6 10. O-O Bg7 11. a3 Qb6 12. Kh1 O-O 13. axb4 cxb4 14. c3 Nf5 15.
d4 Nd6 16. Ne5 Qb5 17. Nxc6 Qxc6 18. Qb3 Qe8 19. Ng1 Ne4 20. Qxd5 Bf5 21. Ne2
Rd8 22. Qb3 Bg4 23. Ng1 Qb5 24. c4 Qe8 25. Qxb4 Bxd4 26. Bf3 Nf2+ 27. Kg2 Nd3
28. Qa4 Bd7 29. Qd1 Bc5 30. Qe2 Qxe2+ 31. Bxe2 Bf5 32. b3 Nxc1 33. Raxc1 Rd2
34. Rfd1 Rb2 35. Re1 Re8 36. Ra1 Bxg1 37. Kxg1 Rexe2 38. Rxe2 Rxe2 39. Rxa7 Rb2
40. Ra8+ Kg7 41. Rb8 Kf6 42. b4 Be4 43. c5 Kf5 44. Rf8 Kg4 45. Rxf7 Kf3 46. h4
Kxg3 47. Kf1 Kf3 48. Ke1 Ke3 0-1

[Event "Cto por Equipos de Aragon-Preferente I"]
[Site ""]
[Date "2023.03.11"]
[Round "7.50"]
[White "Dominguez Luzon, Fernando"]
[Black "Santorroman Jovellar, Javier"]
[Result "0-1"]
[WhiteElo "1960"]
[BlackElo "1658"]
[PlyCount "0"]
[WhiteTeam "Delicias B"]
[BlackTeam "Enroque Barbastro A"]
[EventDate "2023.01.28"]

1. e4 c6 2. d4 d5 3. Nc3 dxe4 4. Nxe4 Bf5 5. Ng3 Bg6 6. Nf3 Nd7 7. h4 h6 8. h5
Bh7 9. Bd3 Bxd3 10. Qxd3 Ngf6 11. Bf4 Qa5+ 12. Bd2 Qc7 13. O-O-O e6 14. Ne4
Nxe4 15. Qxe4 Nf6 16. Qe2 O-O-O 17. Kb1 Kb8 18. g3 Bd6 19. Ne5 Ka8 20. f4 c5
21. dxc5 Bxe5 22. fxe5 Nd7 23. Bf4 Nxc5 24. Qg4 Rdg8 25. Rd4 g5 26. hxg6 Rxg6
27. Qh4 h5 28. Rhd1 Rgg8 29. Rd6 Rc8 30. Be3 b6 31. c3 Nb7 32. Qe4 Rhd8 33. Bg5
Rxd6 34. exd6 Qd7 35. Qf3 Rc5 36. Be7 Rf5 37. Qe4 Kb8 38. Qd4 f6 39. Qe4 Nc5
40. Qe3 e5 41. Qh6 Qa4 42. Qd2 Qe4+ 43. Ka1 Nd7 44. a4 Rf3 45. b3 Rxg3 46. Bxf6
h4 47. Qh6 Qc2 48. Rc1 Qxb3 49. Qh8+ Kb7 50. Qd8 Qxa4+ 51. Kb1 Rg2 52. Qc7+ Ka6
53. Qc8+ Ka5 0-1

[Event "Cto por Equipos de Aragon-Preferente I"]
[Site ""]
[Date "2023.03.11"]
[Round "7.51"]
[White "Rubiella Moreno, Óscar"]
[Black "Gaspar Calvo, Luis Alberto"]
[Result "1-0"]
[WhiteElo "1587"]
[BlackElo "1845"]
[PlyCount "0"]
[WhiteTeam "Enroque Barbastro A"]
[BlackTeam "Delicias B"]
[EventDate "2023.01.28"]

1. e4 c5 2. d4 cxd4 3. c3 dxc3 4. Nxc3 Nc6 5. Nf3 d6 6. Bc4 a6 7. O-O Nf6 8.
Bf4 Bg4 9. h3 Bxf3 10. Qxf3 Ne5 11. Bxe5 dxe5 12. Rfd1 Qc7 13. Rac1 Qb8 14.
Bb5+ axb5 15. Nxb5 e6 16. Nc7+ Ke7 17. Nxa8 Qxa8 18. Rc7+ Ke8 19. Qc3 Nxe4 20.
Rc8+ Ke7 21. Rd7+ 1-0

[Event "Cto por Equipos de Aragon-Preferente I"]
[Site ""]
[Date "2023.03.11"]
[Round "7.52"]
[White "Martinez Blanco, Ruben"]
[Black "Sanclemente Aragues, Angel"]
[Result "1-0"]
[WhiteElo "1317"]
[BlackElo "1564"]
[PlyCount "0"]
[WhiteTeam "Delicias B"]
[BlackTeam "Enroque Barbastro A"]
[EventDate "2023.01.28"]

1. e4 c6 2. d4 d5 3. f3 e6 4. Nc3 a6 5. a3 b5 6. Be3 Nf6 7. Bd3 Bb7 8. Nh3 Be7
9. O-O h6 10. Qe1 Qb6 11. e5 Nfd7 12. Qg3 g5 13. Ne2 c5 14. c3 Nc6 15. f4 O-O-O
16. b4 c4 17. Bc2 f6 18. exf6 Bxf6 19. fxg5 Rdg8 20. g6 Ne7 21. Nef4 Qd6 22.
Nh5 Qxg3 23. hxg3 Bg5 24. Bxg5 hxg5 25. Nf6 Rg7 26. Nxg5 Nxf6 27. Rxf6 Nf5 28.
Nxe6 Nxg3 29. Kf2 Nh5 30. Rf7 Rhg8 31. Nxg7 Rxg7 32. Re1 Bc6 33. Ree7 1-0

[Event "Cto por Equipos de Aragon-Preferente II"]
[Site ""]
[Date "2023.03.11"]
[Round "7.53"]
[White "Muro Guerrero, Miguel"]
[Black "Mombiela De Sus, Jose Luis"]
[Result "1/2-1/2"]
[WhiteElo "1939"]
[BlackElo "1944"]
[PlyCount "0"]
[WhiteTeam "Dr. Azua A"]
[BlackTeam "Las Fuentes B"]
[EventDate "2023.01.28"]

1. e4 d5 2. exd5 Nf6 3. c4 e6 4. dxe6 Bxe6 5. d4 Bb4+ 6. Bd2 Qe7 7. Bxb4 Qxb4+
8. Qd2 Nc6 9. Qxb4 Nxb4 10. Na3 O-O-O 11. Nf3 Rhe8 12. Be2 Bf5 13. Kf1 h6 14.
Rd1 g5 15. Ne5 Bc2 16. Nxc2 Nxc2 17. Nxf7 Rxd4 18. Rxd4 Nxd4 19. Bd3 Ng4 20. h3
Ne5 21. Nxe5 Rxe5 22. g4 Nf3 23. Bf5+ Kd8 24. Kg2 Nh4+ 25. Kg3 Nxf5+ 26. gxf5
Rxf5 27. h4 g4 28. Rd1+ Ke7 29. Rd5 Rxd5 30. cxd5 h5 31. Kf4 Kf6 32. b4 a6 33.
a4 b6 34. a5 b5 35. Ke4 Ke7 36. Ke5 Kd7 37. Ke4 Ke7 38. Ke3 Kd7 1/2-1/2

[Event "Cto por Equipos de Aragon-Preferente II"]
[Site ""]
[Date "2023.03.11"]
[Round "7.54"]
[White "Artal Alegria, Francisco Javier"]
[Black "Cajo Esteban, Ruben"]
[Result "1-0"]
[WhiteElo "1745"]
[BlackElo "1865"]
[PlyCount "0"]
[WhiteTeam "Las Fuentes B"]
[BlackTeam "Dr. Azua A"]
[EventDate "2023.01.28"]

1. e4 e6 2. d3 d5 3. Nd2 c5 4. Ngf3 Nc6 5. g3 b6 6. Bg2 Bb7 7. O-O Nf6 8. e5
Nd7 9. Re1 Qc7 10. Qe2 Be7 11. Nf1 O-O 12. Bf4 Ba6 13. Qd2 b5 14. Bg5 Nb6 15.
h4 b4 16. h5 Bb7 17. h6 g6 18. Bf4 c4 19. N1h2 d4 20. Qd1 Rfc8 21. Ng4 Na4 22.
Rb1 cxd3 23. cxd3 Nc5 24. Rc1 Rab8 25. Nf6+ Bxf6 26. exf6 Qa5 27. Bxb8 Nxb8 28.
Re5 Nbd7 29. Rg5 Qxa2 30. Ne5 Qa6 31. Ra1 Qb6 32. Nc4 Qd8 33. Bxb7 Nxb7 34. Qf3
Nbc5 35. Rxa7 Qxf6 36. Qxf6 Nxf6 37. Rxc5 1-0

[Event "Cto por Equipos de Aragon-Preferente II"]
[Site ""]
[Date "2023.03.11"]
[Round "7.55"]
[White "Garcia Garcia, Enrique"]
[Black "Manguez Cambra, Jose Luis"]
[Result "1/2-1/2"]
[WhiteElo "1797"]
[BlackElo "1730"]
[PlyCount "0"]
[WhiteTeam "Dr. Azua A"]
[BlackTeam "Las Fuentes B"]
[EventDate "2023.01.28"]

1. d4 Nf6 2. c4 e6 3. Nf3 b6 4. g3 Bb7 5. Bg2 Bb4+ 6. Bd2 Bxd2+ 7. Qxd2 O-O 8.
Nc3 d6 9. O-O Nbd7 10. d5 e5 11. e4 Nc5 12. Ne1 a5 13. Nd3 Nfd7 14. f4 Nxd3 15.
Qxd3 exf4 16. gxf4 Ba6 17. b3 Qe7 18. Rae1 Nc5 19. Qd4 Rae8 20. Rf3 Qh4 21. Rg3
f6 22. Rf1 Re7 23. Qd1 Bc8 24. f5 Rfe8 25. Rg4 Qh6 26. Qd4 Re5 27. Nb5 R8e7 28.
Rff4 Kh8 29. Nc3 Bd7 30. Qd1 Bxf5 31. Rxf5 Rxf5 32. exf5 Qe3+ 33. Kf1 Qxc3 34.
Rg3 Qe5 35. Bf3 Qxf5 36. Kg2 Qd3 1/2-1/2

[Event "Cto por Equipos de Aragon-Preferente II"]
[Site ""]
[Date "2023.03.11"]
[Round "7.56"]
[White "Edeso Perez, Francisco"]
[Black "Abenia Porroche, Roberto"]
[Result "1-0"]
[WhiteElo "1713"]
[BlackElo "1699"]
[PlyCount "0"]
[WhiteTeam "Las Fuentes B"]
[BlackTeam "Dr. Azua A"]
[EventDate "2023.01.28"]

1. d4 c5 2. e3 e6 3. c4 Nf6 4. Nc3 cxd4 5. exd4 d5 6. Nf3 Be7 7. Bd3 O-O 8. O-O
b6 9. cxd5 Nxd5 10. Bd2 Bb7 11. Rc1 Nf6 12. Be3 Na6 13. Qe2 Nb4 14. Bb1 Ba6 15.
Nb5 Qd5 16. a4 Qb3 17. Bc2 Qd5 18. Bb1 Ne8 19. Bf4 Bxb5 20. axb5 Nd6 21. Bxd6
Qxd6 22. Rc4 Qd7 23. Rc3 Rac8 24. Rfc1 Nd5 25. Rc6 Bf6 26. Qc2 1-0

[Event "Cto por Equipos de Aragon-Preferente II"]
[Site ""]
[Date "2023.03.11"]
[Round "7.57"]
[White "Carretero Cacho, Juan Jose"]
[Black "Juberias Segura, Santiago"]
[Result "1-0"]
[WhiteElo "2054"]
[BlackElo "2042"]
[PlyCount "0"]
[WhiteTeam "Agrupacion A"]
[BlackTeam "Utebo San Lamberto A"]
[EventDate "2023.01.28"]

1. e4 c5 2. c3 g6 3. d4 Bg7 4. Nf3 b6 5. d5 d6 6. h3 Nf6 7. Qc2 O-O 8. Bd3 Qc7
9. Nbd2 Nbd7 10. O-O Ne5 11. Nxe5 dxe5 12. c4 Ne8 13. Nf3 Nd6 14. Bd2 f5 15.
Bc3 fxe4 16. Bxe4 Nxe4 17. Qxe4 Rf4 18. Qe3 Rxc4 19. Bxe5 Bxe5 20. Nxe5 Rd4 21.
Nc6 e5 22. Nxd4 exd4 23. Qe8+ Kg7 24. Rfe1 Qd6 25. Re7+ Kh6 26. Qf7 Bf5 27. g4
Bd3 28. f4 1-0

[Event "Cto por Equipos de Aragon-Preferente II"]
[Site ""]
[Date "2023.03.11"]
[Round "7.58"]
[White "Lopez Guaita, Fernando"]
[Black "Barros Gutierrez, Angel Luis"]
[Result "1-0"]
[WhiteElo "1836"]
[BlackElo "2051"]
[PlyCount "0"]
[WhiteTeam "Utebo San Lamberto A"]
[BlackTeam "Agrupacion A"]
[EventDate "2023.01.28"]

1. e4 c5 2. d4 cxd4 3. c3 Nf6 4. e5 Nd5 5. cxd4 Nc6 6. Nc3 Nxc3 7. bxc3 d5 8.
Bd3 Be6 9. Ne2 Qc8 10. Nf4 Nxe5 11. dxe5 Qxc3+ 12. Bd2 Qxe5+ 13. Be2 Bd7 14.
O-O e6 15. Re1 Qd6 16. Nd3 Bc6 17. Bf4 Qd8 18. Ne5 Bb4 19. Bd2 Bxd2 20. Qxd2
O-O 21. Bd3 Qe8 22. f4 f6 23. Nf3 Qf7 24. Qc2 g6 25. Nd4 Bd7 26. Qc7 Rab8 27.
Rab1 Rbc8 28. Qd6 b6 29. Rbc1 e5 30. fxe5 Rxc1 31. Rxc1 fxe5 32. Rf1 exd4 33.
Rxf7 Rxf7 34. Qxd5 Kf8 35. Bc4 Be8 36. Qd6+ Re7 37. Qf6+ 1-0

[Event "Cto por Equipos de Aragon-Preferente II"]
[Site ""]
[Date "2023.03.11"]
[Round "7.59"]
[White "Mimbela Lopez, Luis"]
[Black "Olivan Lopez, Dario"]
[Result "1/2-1/2"]
[WhiteElo "2016"]
[BlackElo "1787"]
[PlyCount "0"]
[WhiteTeam "Agrupacion A"]
[BlackTeam "Utebo San Lamberto A"]
[EventDate "2023.01.28"]

1. d4 d6 2. Nf3 Nf6 3. Nc3 Nbd7 4. e4 e5 5. Bc4 Be7 6. O-O c6 7. a4 O-O 8. Re1
Qc7 9. h3 h6 10. Be3 b6 11. dxe5 dxe5 12. g4 Nh7 13. Qe2 Ng5 14. Nxg5 Bxg5 15.
Bxg5 hxg5 16. Qd2 Qd8 17. Rad1 Qf6 18. Qd6 a6 19. Re3 b5 20. axb5 axb5 21. Bb3
Qxd6 22. Rxd6 Ra1+ 23. Kg2 b4 24. Ne2 c5 25. Ng3 Rb1 26. Nf5 Nf6 27. Ne7+ Kh7
28. Rc6 Bb7 29. Rc7 Bxe4+ 30. f3 c4 31. Rxc4 Bd5 32. Nxd5 Nxd5 33. Rxe5 Nf4+
34. Kf2 Rxb2 35. Ke3 f6 36. Rb5 Re8+ 37. Re4 Rc8 38. Rexb4 Kh6 39. Rxf4 gxf4+
40. Kxf4 g5+ 41. Kf5 Rcxc2 42. Rb6 Rc3 43. Rxf6+ Kg7 44. Rg6+ Kh7 45. Bg8+ Kh8
46. Kxg5 Rxf3 47. h4 Rb5+ 48. Kh6 Rb7 49. Bd5 Rh7+ 50. Kg5 Rf8 51. h5 Rg7 52.
h6 Rxg6+ 53. Kxg6 Rf1 54. g5 Rg1 55. Be6 Rxg5+ 1/2-1/2

[Event "Cto por Equipos de Aragon-Preferente II"]
[Site ""]
[Date "2023.03.11"]
[Round "7.60"]
[White "Arias Alvarez, Alberto"]
[Black "Carruez Berges, Santiago"]
[Result "0-1"]
[WhiteElo "1703"]
[BlackElo "1930"]
[PlyCount "0"]
[WhiteTeam "Utebo San Lamberto A"]
[BlackTeam "Agrupacion A"]
[EventDate "2023.01.28"]

1. e4 e6 2. d4 d5 3. Bd3 Nc6 4. c3 dxe4 5. Bxe4 Nf6 6. Bg5 h6 7. Bxf6 Qxf6 8.
Qf3 Bd7 9. Qxf6 gxf6 10. Nd2 O-O-O 11. O-O-O h5 12. Kb1 h4 13. Ne2 Be7 14. f4
f5 15. Bf3 Bf6 16. Nc4 Rhg8 17. Nc1 b5 18. Ne5 Nxe5 19. dxe5 Be7 20. Rd3 c5 21.
Rhd1 Kc7 22. Ne2 Bc6 23. Rxd8 Bxd8 24. Bxc6 Kxc6 25. Rd6+ Kc7 26. g3 hxg3 27.
hxg3 Rh8 28. Kc2 Be7 29. Rd1 Rh2 30. Rd2 Rg2 31. c4 a6 32. b3 b4 33. Kd1 Rf2
34. Rd3 Rf1+ 35. Kc2 f6 36. Rd1 Rf2 37. Kd3 Rf3+ 38. Kd2 fxe5 39. Rh1 e4 40.
Rh6 Rd3+ 41. Kc2 Kd7 42. Rh7 a5 43. Rh8 a4 44. Ra8 a3 45. Rh8 Rf3 46. Rh7 Rf1
47. Rg7 Ke8 48. Rh7 Bf6 49. Rc7 Ra1 50. Rxc5 Rxa2+ 51. Kd1 Rxe2 0-1

[Event "Cto por Equipos de Aragon-Preferente II"]
[Site ""]
[Date "2023.03.11"]
[Round "7.61"]
[White "Sanjuan Segura, Ignacio"]
[Black "Veras Sanz, Marino"]
[Result "1-0"]
[WhiteElo "1820"]
[BlackElo "2054"]
[PlyCount "0"]
[WhiteTeam "Palacio De Pioneros C"]
[BlackTeam "El Olivar B"]
[EventDate "2023.01.28"]

1. Nf3 Nf6 2. b3 g6 3. Bb2 Bg7 4. g3 O-O 5. Bg2 d5 6. c4 c5 7. cxd5 Qxd5 8. O-O
Qh5 9. Na3 Nc6 10. h4 h6 11. Nc4 Bg4 12. Re1 Nd5 13. Bxg7 Kxg7 14. Nh2 Be6 15.
Bf3 Qf5 16. e4 Qxf3 17. Nxf3 Ndb4 18. a3 Nd3 19. Re3 Rad8 20. Qc2 b5 21. Rxd3
bxc4 22. bxc4 Bg4 23. Qc3+ f6 24. Rxd8 Rxd8 25. Kg2 Nd4 26. Nxd4 1-0

[Event "Cto por Equipos de Aragon-Preferente II"]
[Site ""]
[Date "2023.03.11"]
[Round "7.62"]
[White "Gracia Campo, Carlos Alberto"]
[Black "Crespo Laborda, Alberto"]
[Result "1-0"]
[WhiteElo "2012"]
[BlackElo "1600"]
[PlyCount "0"]
[WhiteTeam "El Olivar B"]
[BlackTeam "Palacio De Pioneros C"]
[EventDate "2023.01.28"]

1. e4 e6 2. d4 d5 3. exd5 exd5 4. c4 Nf6 5. Bg5 Be7 6. Nc3 dxc4 7. Bxc4 O-O 8.
Nge2 a6 9. a3 b5 10. Ba2 Bb7 11. O-O Nbd7 12. Rc1 Ne4 13. Bxe7 Qxe7 14. Bd5
Nxc3 15. Nxc3 Bxd5 16. Nxd5 Qd6 17. Qf3 c6 18. Rxc6 Qb8 19. Rfc1 Kh8 20. Nc7
Ra7 21. Nxa6 Qb7 22. Nb4 Nb6 23. d5 Nc4 24. Qc3 h6 25. Rxh6+ Kg8 26. Rh5 Re8
27. Qh3 1-0

[Event "Cto por Equipos de Aragon-Preferente II"]
[Site ""]
[Date "2023.03.11"]
[Round "7.63"]
[White "Campana Valencia, Lidia"]
[Black "Bailo Remacha, Santiago"]
[Result "0-1"]
[WhiteElo "1565"]
[BlackElo "1928"]
[PlyCount "0"]
[WhiteTeam "Palacio De Pioneros C"]
[BlackTeam "El Olivar B"]
[EventDate "2023.01.28"]

1. e4 c5 2. c3 d6 3. d4 cxd4 4. cxd4 Nf6 5. Nc3 g6 6. Nf3 Bg7 7. Bb5+ Bd7 8.
Bxd7+ Qxd7 9. h3 O-O 10. Be3 Nc6 11. Qd2 Na5 12. b3 Rac8 13. Rc1 b6 14. O-O Rc7
15. Qd3 Rfc8 16. Ne2 d5 17. e5 Ne4 18. Ng5 Nxg5 19. Bxg5 f6 20. exf6 exf6 21.
Bf4 Rxc1 22. Rxc1 f5 23. Rxc8+ Qxc8 24. Be5 Bxe5 25. dxe5 Qc5 26. Kf1 Nc6 27.
f4 Nb4 28. Qd2 Nc2 29. g3 Ne3+ 30. Ke1 d4 31. b4 Qd5 32. Nxd4 Qxd4 33. Qxd4
Nc2+ 34. Kd2 Nxd4 35. Kd3 Ne6 36. h4 Kf7 37. Kc4 Nc7 38. a4 Ke6 39. a5 Kd7 40.
axb6 axb6 41. Kd4 Kc6 42. Kc4 b5+ 43. Kd4 Ne6+ 44. Ke3 h5 45. Kd2 Kd5 46. Kd3
Nd4 47. Kd2 Kc4 48. Ke3 Ne6 0-1

[Event "Cto por Equipos de Aragon-Preferente II"]
[Site ""]
[Date "2023.03.11"]
[Round "7.65"]
[White "Lopez Caudevilla, David"]
[Black "Gracia Suarez, Jesus"]
[Result "1-0"]
[WhiteElo "2165"]
[BlackElo "2071"]
[PlyCount "0"]
[WhiteTeam "Actur Rey Fernando A"]
[BlackTeam "San Jose A"]
[EventDate "2023.01.28"]

1. e4 e5 2. Nf3 Nc6 3. g3 Nf6 4. d3 Bc5 5. Bg2 d6 6. O-O Bg4 7. Nbd2 Qd7 8. c3 a5 
9. Nc4 h6 10. Be3 Bxe3 11. Nxe3 O-O 12. Re1 Rfe8 13. Qc2 a4 14. Rad1 h5 15. a3 g6 
16. Nxg4 hxg4 17. Nd2 Kg7 18. Nf1 Nh7 19. Qd2 Qe7 20. Ne3 Qg5 21. Nd5 Rac8 22. Qxg5 Nxg5 
23. Ne3 Nf3+ 24. Bxf3 gxf3 25. h4 Re6 26. Nf1 g5 27. hxg5 Rh8 28. Nh2 f6 29. Nxf3 fxg5 
30. Nxg5 Rg6 31. Nf3 Rf6 32. Nh4 Rhf8 33. Nf5+ Kg6 34. Kg2 d5 35. Rh1 Kg5 36. Rh7 Rxf5 
37. exf5 e4 38. dxe4 dxe4 39. Rd5 Rxf5 40. Rxf5+ Kxf5 41. Rxc7 Ke6 42. Rxb7 Kd5 43. g4 1-0

[Event "Cto por Equipos de Aragon-Preferente II"]
[Site ""]
[Date "2023.03.11"]
[Round "7.66"]
[White "Gutierrez Mingueza, Ruben"]
[Black "Aviol Perez, Jose Mariano"]
[Result "1-0"]
[WhiteElo "2009"]
[BlackElo "1772"]
[PlyCount "0"]
[WhiteTeam "San Jose A"]
[BlackTeam "Actur Rey Fernando A"]
[EventDate "2023.01.28"]

1. d4 d5 2. Nf3 Nf6 3. c4 e6 4. g3 Be7 5. Bg2 O-O 6. O-O c5 7. dxc5 Bxc5 8. Qc2 d4 9. Ne5 Nbd7 
10. Nd3 Bd6 11. e3 dxe3 12. Bxe3 Ng4 13. Bd2 Nde5 14. Nxe5 Nxe5 15. Bf4 Ng6 16. Bxd6 Qxd6 
17. Nc3 a6 18. Na4 Qc7 19. Rfd1 Ne5 20. c5 Bd7 21. Nb6 Rad8 22. Nxd7 Rxd7 23. Rxd7 Nxd7 
24. b4 Ne5 25. Rd1 Nc6 26. Qa4 Rd8 27. Rxd8+ Qxd8 28. Bxc6 bxc6 29. Qxc6 h5 30. h4 Qd1+ 
31. Kg2 Qd2 32. Qe8+ Kh7 33. Qxf7 Qxa2 34. Qxh5+ Kg8 35. Qg5 Kf7 36. Qf4+ Kg8 37. Qd4 Qa4 
38. Qe4 Kf7 39. Qb7+ Kf6 40. c6 Qb5 41. Qxb5 1-0

[Event "Cto por Equipos de Aragon-Preferente II"]
[Site ""]
[Date "2023.03.11"]
[Round "7.67"]
[White "Garcia Alvarez, Sergio"]
[Black "Palomar Ramon, Santiago"]
[Result "0-1"]
[WhiteElo "1722"]
[BlackElo "1892"]
[PlyCount "0"]
[WhiteTeam "Actur Rey Fernando A"]
[BlackTeam "San Jose A"]
[EventDate "2023.01.28"]

1. b3 d5 2. Bb2 Bg4 3. g3 e6 4. Bg2 Nf6 5. d3 Nc6 6. Nd2 d4 7. Ngf3 Bc5 8. h3 
Bf5 9. g4 Bg6 10. Nh4 Nd5 11. Nxg6 hxg6 12. a3 Nf4 13. Bf1 Qd5 14. Nf3 Ne5 15. 
Bc1 Nxf3+ 16. exf3 Qe5+ 17. Kd2 Nd5 18. Bg2 Nc3 19. Qf1 Be7 20. f4 Qxf4+ 21. Ke1 
Qe5+ 22. Be4 Nxe4 23. dxe4 d3 24. Ra2 Qxe4+ 25. Kd1 dxc2+ 26. Rxc2 O-O-O+ 27. 
Rd2 Bg5 28. f3 Qb1 29. f4 Qxb3+ 30. Ke2 Qc4+ 31. Ke1 Qxc1+ 0-1

[Event "Cto por Equipos de Aragon-Preferente II"]
[Site ""]
[Date "2023.03.11"]
[Round "7.68"]
[White "Ferreruela Romero, Jose Joaquin"]
[Black "Perez Puyal, Jose Joaquin"]
[Result "1-0"]
[WhiteElo "1874"]
[BlackElo "1689"]
[PlyCount "0"]
[WhiteTeam "San Jose A"]
[BlackTeam "Actur Rey Fernando A"]
[EventDate "2023.01.28"]

1. d4 f5 2. Bg5 Nf6 3. Bxf6 exf6 4. e3 d5 5. c3 Bd6 6. g3 O-O 7. Bg2 c6 8. Ne2 Qb6 
9. Qb3 Qxb3 10. axb3 Be6 11. b4 Nd7 12. Nd2 Nb6 13. O-O Bf7 14. Bh3 Bh5 
15. Nf4 Bxf4 16. gxf4 Bg4 17. Bg2 g5 18. Rfe1 Rfe8 19. Bf1
a6 20. Bd3 Bh3 21. fxg5 Kf7 22. f4 Rg8 23. Kf2 fxg5 24. Rg1 gxf4 25. exf4 Kf6 26. b3 Bg4 27. Rg3 Rg6 28. Nf1 Rh6 
29. Re1 Rh3 30. Rxh3 Bxh3 31. Ng3 Rg8 32. Rg1 Bg4
33. h3 Bxh3 34. Nh5+ Kf7 1-0

[Event "Cto por Equipos de Aragon-Preferente II"]
[Site ""]
[Date "2023.03.11"]
[Round "7.69"]
[White "Sierra Aguerri, Joaquin"]
[Black "Ruiz Fernandez, Daniel"]
[Result "0-1"]
[WhiteElo "2091"]
[BlackElo "1926"]
[PlyCount "0"]
[WhiteTeam "Tauste A"]
[BlackTeam "MyInvestor Casablanca C"]
[EventDate "2023.01.28"]

1. e4 e5 2. Nf3 Nc6 3. Bc4 Nf6 4. Ng5 d5 5. exd5 Na5 6. Bb5+ c6 7. dxc6 bxc6 
8.
Qf3 cxb5 9. Qxa8 Qc7 10. Nc3 Nc6 11. Nxb5 Qd7 12. Nc3 Be7 13. d3 O-O 
14. Nge4
Bb7 15. Nxf6+ Bxf6 16. Qxf8+ Kxf8 17. Be3 Qg4 18. Ne4 Nd4 
19. Bxd4 exd4 20. O-O
Bxe4 21. f3 Qc8 22. fxe4 Qxc2 23. Rf3 Qxb2 24. Raf1 Qxa2 
25. e5 Bxe5 26. R3f2
Qd5 27. Rc2 g6 28. Rfc1 Bf4 29. Rc5 Qb3 30. Rf1 Be3+ 
31. Kh1 Qxd3 32. Rc8+ Kg7
33. Ra1 Qb3 34. Re8 a5 35. h3 a4 36. Ra8 d3 
37. Rd8 a3 38. Rd7 a2 39. Rf1 Qb1
 0-1

[Event "Cto por Equipos de Aragon-Preferente II"]
[Site ""]
[Date "2023.03.11"]
[Round "7.70"]
[White "Sanjulian Arruga, Pablo"]
[Black "Carbonel Sanchez, Andres"]
[Result "0-1"]
[WhiteElo "1911"]
[BlackElo "1948"]
[PlyCount "0"]
[WhiteTeam "MyInvestor Casablanca C"]
[BlackTeam "Tauste A"]
[EventDate "2023.01.28"]


1. c4 e5 2. Nc3 Nf6 3. Nf3 Nc6 4. e4 Bb4 5. d3 d6 6. a3 Bxc3+ 7. bxc3 h6 
8. Rb1
b6 9. Be2 O-O 10. O-O Nh7 11. Ne1 f5 12. exf5 Bxf5 13. Bf3 Bd7 
14. Nc2 Rb8 15.
Ne3 Kh8 16. d4 Ng5 17. Bxc6 Bxc6 18. dxe5 Nf3+ 19. gxf3 Bxf3 
20. Qd4 Qg5+ 21.
Ng4 Qg6 22. h3 h5 23. Bf4 hxg4 24. h4 Be4 25. h5 Qf5 
26. Rbe1 Bb7 27. exd6 cxd6
28. h6 Rf6 29. hxg7+ Kg8 30. Re7 Qxf4 31. Rxb7 Rxb7 
32. Qd5+ Rbf7 33. Qh5 Kxg7 
0-1

[Event "Cto por Equipos de Aragon-Preferente II"]
[Site ""]
[Date "2023.03.11"]
[Round "7.71"]
[White "Muro Turon, Raul"]
[Black "Bello Cera, Raul"]
[Result "0-1"]
[WhiteElo "1813"]
[BlackElo "1657"]
[PlyCount "0"]
[WhiteTeam "Tauste A"]
[BlackTeam "MyInvestor Casablanca C"]
[EventDate "2023.01.28"]

1. e4 e5 2. Nf3 Nc6 3. c3 Nf6 4. d4 exd4 5. e5 Nd5 6. cxd4 d6 7. Bb5 Bd7 
8. O-O
Be7 9. exd6 cxd6 10. Nc3 Nxc3 11. bxc3 O-O 12. Bd3 d5 13. Nd2 Bd6 
14. Qh5 f5
15. Nf3 Qe8 16. Qh4 Qg6 17. Re1 h6 18. Bf4 Rae8 19. Bxd6 Qxd6 
20. Qh5 Rxe1+ 21.
Rxe1 Qa3 22. Bb1 Qxc3 23. Qh4 Re8 24. Rf1 Qb4 25. Qf4 Qf8 
26. h4 Qf6 27. Rc1
Qe6 28. g3 Re7 29. a3 a6 30. h5 Qf7 31. Ba2 Be6 
32. Ne5 Nxe5 33. Qxe5 Qxh5 34.
Qd6 Qf7 35. Re1 Qf6 36. Re5 Kf7 37. Kg2 Rd7 
38. Qb8 f4 39. g4 Qd8 40. Qa7 Qh4
41. Qb6 Qxg4+ 0-1

[Event "Cto por Equipos de Aragon-Preferente II"]
[Site ""]
[Date "2023.03.11"]
[Round "7.72"]
[White "Jaime Galeano, Alcher"]
[Black "San Lazaro Lorente, David"]
[Result "1-0"]
[WhiteElo "1589"]
[BlackElo "1773"]
[PlyCount "0"]
[WhiteTeam "MyInvestor Casablanca C"]
[BlackTeam "Tauste A"]
[EventDate "2023.01.28"]

1. e4 e6 2. d4 d5 3. Nd2 Nf6 4. e5 Nfd7 5. c3 c5 6. f4 cxd4 7. cxd4 Nc6 
8. Ndf3
Qb6 9. Ne2 Bb4+ 10. Bd2 O-O 11. g3 a6 12. Bh3 Bxd2+ 13. Qxd2 Qb4 
14. Nc3 Nb6
15. Rb1 Nc4 16. Qf2 Qa5 17. O-O b5 18. g4 b4 19. Ne2 Qxa2 
20. f5 Qb3 21. f6 Qe3
22. g5 a5 23. Rfc1 Qxf2+ 24. Kxf2 Bb7 25. Nf4 Nb6 
26. Bf1 Rac8 27. Bd3 g6 28.
h4 b3 29. Rh1 Nb4 30. h5 Nxd3+ 31. Nxd3 Rc2+ 
32. Kg3 Nc4 33. hxg6 fxg6 34. Nf4
Bc8 35. Rh3 Rxb2 36. Rbh1 Nd2 37. Nxd2 Rxd2 
38. Rxh7 Rd8 39. Rg7+ 1-0

[Event "Ctor por Equipos de Aragon-Division de Honor"]
[Site ""]
[Date "2023.03.18"]
[Round "8.1"]
[White "Garza Marco, Sergio"]
[Black "Adla, Diego"]
[Result "1/2-1/2"]
[WhiteElo "2397"]
[BlackElo "2400"]
[PlyCount "0"]
[WhiteTeam "Helios"]
[BlackTeam "MyInvestor Casablanca"]
[EventDate "2023.01.28"]

1. d4 Nf6 2. Bf4 e6 3. e3 c5 4. c3 b6 5. Nf3 Bb7 6. Nbd2 cxd4 7. exd4 Be7 8. h3 d6 9. Bh2 Nbd7 10. Bd3 O-O 1/2-1/2

[Event "Ctor por Equipos de Aragon-Division de Honor"]
[Site ""]
[Date "2023.03.18"]
[Round "8.2"]
[White "Glavina, Pablo"]
[Black "Eizaguerri Floris, Maria"]
[Result "1-0"]
[WhiteElo "2408"]
[BlackElo "2137"]
[PlyCount "0"]
[WhiteTeam "MyInvestor Casablanca"]
[BlackTeam "Helios"]
[EventDate "2023.01.28"]

1. d4 d5 2. c4 e6 3. Nf3 Nf6 4. g3 dxc4 5. Bg2 Nc6 6. O-O Rb8 7. Be3 Nd5 
8. Qc1 b5 9. b3 Ba6 10. a4 Na5 11. axb5 Nxb3 12. Qxc4 Nxa1 13. bxa6 Nb3 
14. Nc3 Na5 15. Qa4+ c6 16. Nxd5 exd5 17. Ne5 Rb4 18. Qc2 Rb6 19. Qf5 Qc7 
20. Nxf7 Qxf7 21. Qc8+ Ke7 22. Bg5+ Kd6 23. Qd8+ 1-0